Guia fonètica per a les televisions locals / David Paloma,... [et al.]
Descripción Física:
222 p. : quadres ; 23 cm
Colección:
Documents
Otros Autores:
Paloma, David
MARC
| LEADER | 00000nam a2200000Ia 4500 | ||
|---|---|---|---|
| 001 | 22860 | ||
| 008 | 160829s2009 xx 000 0 cat d | ||
| 080 | |a C-3-324 | ||
| 245 | |a Guia fonètica per a les televisions locals / David Paloma,... [et al.] | ||
| 260 | |a Bellaterra : |b Universitat Autònoma de Barcelona. Servei de Publicacions, |c 2009 | ||
| 300 | |a 222 p. : |b quadres ; |c 23 cm | ||
| 490 | |a Documents | ||
| 590 | |a Bibliografia | ||
| 650 | |a Català |x Fonètica |9 46298 | ||
| 650 | |a Televisió local |x Manuals d'estil |9 46299 | ||
| 650 | |a Mitjans de comunicació de massa i llengua |x Catalunya I |9 46300 | ||
| 650 | |a Català |x Normalització |9 31654 | ||
| 700 | |a Paloma, David |9 46301 | ||
| 710 | 1 | |a Universitat Autònoma de Barcelona. |b Servei de Publicacions |9 53586 | |
| 901 | |a Arxiu | ||
| 942 | |n 1 | ||
| 952 | |0 0 |1 0 |4 0 |6 C3324 |7 1 |9 53142 |a Arxiu |b Arxiu |d 2016-12-01 |l 0 |o C-3-324 |p 22860 |r 2016-12-01 00:00:00 |w 2016-12-01 |y ARXIU | ||
| 999 | |c 56991 |d 56991 | ||